| 000 | 01268nam a22002537a 4500 | ||
|---|---|---|---|
| 999 |
_c17487 _d17487 |
||
| 003 | AR-CdUCM | ||
| 008 | 190305b ||||| |||| 00| 0 spa d | ||
| 040 |
_aMUNICIPALIDAD PROVINCIAL DEL CUSCO _cBIBLIOTECA MUNICIPAL DEL CUSCO |
||
| 082 |
_a304.13 / _bSP75 |
||
| 100 |
_aSpengler, Oswald _929274 |
||
| 245 |
_aLa Decadencia de Occidente : _bBosquejo de una morfologia de la historia universal / |
||
| 260 |
_aMadrid : _bCalpe , _c1925. |
||
| 300 |
_a648 páginas ; _c22 cm. |
||
| 500 | _aEn el texto cuenta con los volúmenes 1 y 2 | ||
| 505 | _aContenido: v.1: Morfología de la historia universal -- El sentido de los números -- Cada cultura tiene su propia matemática -- El problema de la historia universal -- Método copernicano -- v.2: Las artes plásticas -- La música como arte plástica -- El desnudo y el retrato -- La idea del alma y el sentimiento de la vida -- La psicología como contrafisica -- Budismo, estoicismo, socialismo... | ||
| 650 |
_aHistoria de Occidente _910015 |
||
| 650 |
_aArtes plásticas _927656 |
||
| 650 |
_aForma y realidad _937527 |
||
| 650 |
_aEuropa Occidental _95406 |
||
| 650 |
_aHistoria Universal _91423 |
||
| 700 |
_aMorente, Manuel G. (Traducción) _916792 |
||
| 942 |
_2ddc _cLIBROS |
||
| 945 |
_awnts _d2019-05-08 |
||